Estudio taxonómico y ecológico de ciliados planctónicos : (ciliophora : /
Guardado en:
| Autor Principal: | |
|---|---|
| Formato: | Libro |
| Idioma: | Spanish |
| Publicado: |
2001.
|
| Materias: | |
| Etiquetas: |
Agregar Etiqueta
Sin Etiquetas, Sea el primero en etiquetar este registro!
|
| LEADER | 00739nam a22002295a 4500 | ||
|---|---|---|---|
| 001 | EUN.um068764 | ||
| 008 | 041125s2001####ag#a#####bm###000#0#spa#d | ||
| 005 | 20130529083013.0 | ||
| 245 | 1 | 0 | |a Estudio taxonómico y ecológico de ciliados planctónicos : |b (ciliophora : / |c Rosa Elsa Pettigrosso. |
| 260 | |c 2001. | ||
| 300 | |a 173 h. : |b il. ; |c 30 cm.. | ||
| 502 | |a Tesis--Universidad Nacional del Sur, 2001. | ||
| 504 | |a Incluye referencias bibliográficas. | ||
| 100 | 1 | |a Pettigrosso, Rosa Elsa. | |
| 082 | 0 | 4 | |a 040 |
| 082 | 0 | 4 | |a 574.92 |
| 653 | |a Plancton | ||
| 653 | |a Fauna marina | ||
| 653 | |a Ecologia | ||
| 653 | |a Biologia marina | ||
| 653 | |a Bahia blanca | ||
| 859 | |a Ar-BaUNS |b BIB. CENTRAL - Sector A - Tesis |h 040 |i B148 2001-511 |p 112456/001 | ||
